000 00220nam a22000857a 4500
008 170612b xxu||||| |||| 00| 0 eng d
100 _93358
_aPrachi
245 _aEdgeways multi skill english
260 _aNew Delhi
_bPrachi
_c2010
999 _c6696
_d6696